000 00262nam a22001217a 4500
020 _a1-8442-2364-7
082 _a823
_bMUR/T
100 _aMURRAY, W
245 _aTHINGS WE LIKE
260 _aUK
_bLADY BIRD
650 _aCHAMAKKAD HERBAL PRODUCTS
_zUK
942 _cBK
999 _c2534
_d2534